Political and sociological theory and its applications /

Bibliographic Details
Main Author: Catlin, George Edward Gordon, Sir, 1896-1979
Format: Book
Language:English
Published: Ann Arbor : University of Michigan Press, [1964]
Subjects:

MARC

Tag First Indicator Second Indicator Subfields
LEADER 00000cam a2200000 4500
001 in00000063629
005 20151007083218.0
008 721116s1964 miu b 00000 eng u
010 |a  64019660  
035 |a (OCoLC)00497038 
035 |9 AAF9029AM 
040 |c WSU  |d TXA  |d UtOrBLW 
049 |a TXAM  |c [451511] 
050 0 |a JA74  |b .C26 
092 |a 320.01  |b C365p 
100 1 |a Catlin, George Edward Gordon,  |c Sir,  |d 1896-1979. 
245 1 0 |a Political and sociological theory and its applications /  |c [by] George E. G. Catlin. 
264 1 |a Ann Arbor :  |b University of Michigan Press,  |c [1964] 
300 |a 118 pages 
336 |a text  |b txt  |2 rdacontent 
337 |a unmediated  |b n  |2 rdamedia 
338 |a volume  |b nc  |2 rdacarrier 
504 |a Bibliographical footnotes. 
650 0 |a Political science. 
999 |a MARS 
999 f f |s 080d35a7-7af5-3e8d-b985-66b5c57cf265  |i 9fee9489-2821-3518-ba77-e90c5ac60d60  |t 0 
952 f f |p ric  |a Texas A&M University  |b Rellis Campus  |c Joint Library Facility  |d Remote Storage  |t 0  |e JA74 .C26  |h Library of Congress classification  |i unmediated -- volume  |m A14800656743 
998 f f |a JA74 .C26  |t 0  |l Remote Storage